<?xml version="1.0" encoding="UTF-8"?>
<record
    xmlns:xsi="http://www.w3.org/2001/XMLSchema-instance"
    xsi:schemaLocation="http://www.loc.gov/MARC21/slim http://www.loc.gov/standards/marcxml/schema/MARC21slim.xsd"
    xmlns="http://www.loc.gov/MARC21/slim">

  <leader>01022caa a22002537a 4500</leader>
  <datafield tag="999" ind1=" " ind2=" ">
    <subfield code="c">407671</subfield>
    <subfield code="d">407671</subfield>
  </datafield>
  <controlfield tag="001"> 121557 </controlfield>
  <controlfield tag="003">UA-OsUOA</controlfield>
  <controlfield tag="005">20191217171138.0</controlfield>
  <controlfield tag="007">ta</controlfield>
  <controlfield tag="008">20170322b un ||||| |||| 00| 0 ukr d</controlfield>
  <datafield tag="040" ind1=" " ind2=" ">
    <subfield code="a">UA-OsUOA</subfield>
    <subfield code="b">ukr</subfield>
    <subfield code="c">UA-OsUOA</subfield>
    <subfield code="d">UA-OsUOA</subfield>
  </datafield>
  <datafield tag="041" ind1=" " ind2=" ">
    <subfield code="a">ukr</subfield>
  </datafield>
  <datafield tag="080" ind1=" " ind2=" ">
    <subfield code="a">908</subfield>
  </datafield>
  <datafield tag="090" ind1=" " ind2=" ">
    <subfield code="a">908</subfield>
    <subfield code="b">&#x411;12</subfield>
  </datafield>
  <datafield tag="100" ind1=" " ind2=" ">
    <subfield code="a">&#x411;&#x430;&#x431;&#x430;&#x43A;&#x43E;&#x432;&#x430; &#x41E;.</subfield>
  </datafield>
  <datafield tag="245" ind1=" " ind2=" ">
    <subfield code="a">&#x411;&#x456;&#x43B;&#x44C;&#x448;&#x435; &#x441;&#x432;&#x43E;&#x431;&#x43E;&#x434;&#x438;, &#x43C;&#x435;&#x43D;&#x448;&#x435; &#x440;&#x456;&#x432;&#x43D;&#x43E;&#x441;&#x442;&#x456; &#x442;&#x430; &#x431;&#x440;&#x430;&#x442;&#x435;&#x440;&#x441;&#x442;&#x432;&#x430;. &#x41F;&#x43E;&#x43B;&#x456;&#x442;&#x438;&#x447;&#x43D;&#x430; &#x43A;&#x443;&#x43B;&#x44C;&#x442;&#x443;&#x440;&#x430; &#x443;&#x43A;&#x440;&#x430;&#x457;&#x43D;&#x441;&#x44C;&#x43A;&#x43E;&#x457; &#x43C;&#x430;&#x433;&#x43D;&#x430;&#x442;&#x435;&#x440;&#x456;&#x457; &#x43F;&#x43E;&#x447;&#x430;&#x442;&#x43A;&#x443; XVII &#x441;&#x442;&#x43E;&#x43B;&#x456;&#x442;&#x442;&#x44F; (&#x43D;&#x430; &#x43C;&#x430;&#x442;&#x435;&#x440;&#x456;&#x430;&#x43B;&#x430;&#x445; &#x431;&#x456;&#x43E;&#x433;&#x440;&#x430;&#x444;&#x456;&#x457; &#x43A;&#x43D;&#x44F;&#x437;&#x44F; &#x42F;&#x43D;&#x443;&#x448;&#x430; &#x41E;&#x441;&#x442;&#x440;&#x43E;&#x437;&#x44C;&#x43A;&#x43E;&#x433;&#x43E;)</subfield>
    <subfield code="c">&#x41E;. &#x411;&#x430;&#x431;&#x430;&#x43A;&#x43E;&#x432;&#x430; </subfield>
  </datafield>
  <datafield tag="300" ind1=" " ind2=" ">
    <subfield code="a">&#x421;. 36&#x2013;53</subfield>
  </datafield>
  <datafield tag="650" ind1=" " ind2="7">
    <subfield code="a">908 &#x41A;&#x440;&#x430;&#x454;&#x437;&#x43D;&#x430;&#x432;&#x441;&#x442;&#x432;&#x43E;</subfield>
    <subfield code="2">UDC</subfield>
  </datafield>
  <datafield tag="773" ind1="0" ind2=" ">
    <subfield code="0">406041</subfield>
    <subfield code="9">420020</subfield>
    <subfield code="d">&#x41E;&#x441;&#x442;&#x440;&#x43E;&#x433; &#x41D;&#x430;&#x423;&#x41E;&#x410; 2014</subfield>
    <subfield code="o">152670</subfield>
    <subfield code="t">&#x41E;&#x441;&#x442;&#x440;&#x43E;&#x437;&#x44C;&#x43A;&#x430; &#x434;&#x430;&#x432;&#x43D;&#x438;&#x43D;&#x430;</subfield>
    <subfield code="w">(UA-OsUOA) 119958 </subfield>
  </datafield>
  <datafield tag="942" ind1=" " ind2=" ">
    <subfield code="c">BKA</subfield>
    <subfield code="2">udc</subfield>
  </datafield>
  <datafield tag="955" ind1=" " ind2=" ">
    <subfield code="a">2</subfield>
  </datafield>
</record>
